Indices económicos para la Provincia de Mendoza (Registro nro. 28353)

Detalles MARC
000 -LEADER
fixed length control field 00395 a2200109 4500
001 - CONTROL NUMBER
control field ART_23039
005 - DATE AND TIME OF LATEST TRANSACTION
control field 20260410161928.0
008 - FIXED-LENGTH DATA ELEMENTS--GENERAL INFORMATION
fixed length control field 260409a
100 1# - MAIN ENTRY--PERSONAL NAME
Personal name Toranzos, Fausto I.
245 10 - TITLE STATEMENT
Title Indices económicos para la Provincia de Mendoza
773 0# - HOST ITEM ENTRY
Title Revista de la Facultad de Ciencias Económicas de la Universidad de Cuyo
Related parts - Año VI, Nº 18 (sep./dic. 1954)
Record control number REV22981

No hay ítems disponibles.